000 03208cam a2200277 4500500
005 20260111145818.0
041 _afre
042 _adc
100 1 0 _aCousin, Saskia
_eauthor
245 0 0 _aExposer le tourisme culturel au salon
260 _c2005.
500 _a60
520 _aRésuméÀ partir d’une enquête de thèse réalisée dans le cadre d’une activité professionnelle, l’auteure propose une étude synthétique des salons du tourisme culturel en France. Les échanges se caractérisent par l’absence de transactions monétaires ; l’objectif affirmé des participants (visiteurs et exposants) est de nouer des contacts. Le salon est aussi un lieu privilégié de constitution d’une communauté professionnelle et représente un enjeu de politique locale. L’espace du salon est saturé d’images évoquant les lieux de tourisme. L’auteure analyse le salon du tourisme culturel comme un idiome qui soutient une « utopie performative ». Observé du point de vue des visiteurs, le salon appartient à la famille des « non-lieux » ; analysé du côté des exposants, il est un espace, un lieu pratiqué.
520 _aOn the basis of a survey carried out within the framework of a thesis work the author proposes a synthetic study of the Cultural Tourism Fair in France. The trade activity is remarkable first of all for the scarcity of monetary transactions. By contrast, the participants (visitors and exhibitors) aim at getting a maximum number of relational contacts. The fair is also a privileged place for the constitution of a professional community and of great importance for local politics, too. Lastly the fair space is saturated with pictures of touristic places. The author analyses these pictures as an idiom bearing a « performative utopia ». From the visitor point of view the Fair is a « non-place », from the exhibitors’ one it is a place of trade practices.
520 _aZusammenfassungAuf der Basis einer im Rahmen einer Dissertationsarbeit durchgeführte Erhebung macht die Autorin eine synthetische Studie der Ausstellung für kulturellen Tourismus in Frankreich. Die Handelsaktivität kennzeichnet sich zuerst durch seltene Geldtransaktionen. Dagegen zielen die Teilnehmer (Besucher und Aussteller) dazu, möglichst viele Handelsbeziehungen zu gewinnen. Die Ausstellung ist auch ein besonders günstiger Ort für die Schöpfung einer Berufsgemeinschaft und von grosser Bedeutung für die lokale Politik. Schliesslich wird der Ausstellungsraum mit Bildern touristischer Orte überschwemmt. Die Autorin analysiert diese Bilder als ein Idiom, das eine « performative Utopie » trägt. Aus dem Gesichtspunkt des Besuchers ist die Ausstellung ein « Nichtort », aus dem der Aussteller ist sie ein Ort von Handelspraktiken.
690 _aidentité locale
690 _aNantes
690 _asalon
690 _atourisme culturel
690 _acultural tourism
690 _afair
690 _aNantes
690 _apatrimony
786 0 _nEthnologie française | 35 | 1 | 2005-03-01 | p. 55-62 | 0046-2616
856 4 1 _uhttps://shs.cairn.info/revue-ethnologie-francaise-2005-1-page-55?lang=fr&redirect-ssocas=7080
999 _c1636491
_d1636491